Discursos / (Record no. 20126)

MARC details
000 -LEADER
campo de control de longitud fija 01535nam a2200253 i 4500
001 - NÚMERO DE CONTROL
campo de control 20126
003 - IDENTIFICADOR DE NÚMERO DE CONTROL
campo de control ES-MaACL
005 - FECHA Y HORA DE LA ÚLTIMA TRANSACCIÓN
campo de control 20230906152235.0
007 - CAMPO FIJO DE DESCRIPCIÓN FÍSICA--INFORMACIÓN GENERAL
campo de control de longitud fija t|
008 - DATOS DE LONGITUD FIJA--INFORMACIÓN GENERAL
campo de control de longitud fija 021129m19901995sp |||| | spa d
020 ## - NÚMERO INTERNACIONAL ESTÁNDAR DEL LIBRO
Número Internacional Estándar del Libro 84-249-1422-8
080 ## - NÚMERO DE LA CLASIFICACIÓN DECIMAL UNIVERSAL
Número de la Clasificación Decimal Universal 821.124-54"00"
100 1# - ENTRADA PRINCIPAL--NOMBRE DE PERSONA
Nombre de persona Cicerón, Marco Tulio.
9 (RLIN) 38748
245 10 - MENCIÓN DEL TÍTULO
Título Discursos /
Mención de responsabilidad, etc. M. Tulio Cicerón ; introducción general de Miguel Rodríguez-Pantoja Márquez ; introducción, traducción y notas de José María Requejo Prieto.
260 ## - PUBLICACIÓN, DISTRIBUCIÓN, ETC.
Lugar de publicación, distribución, etc. Madrid :
Nombre del editor, distribuidor, etc. Gredos,
Fecha de publicación, distribución, etc. 1990-1995.
300 ## - DESCRIPCIÓN FÍSICA
Extensión 5 v. ;
Dimensiones 20 cm.
490 1# - MENCIÓN DE SERIE
Mención de serie Biblioteca clásica Gredos ;
Designación de volumen o secuencia 139, 140, 152, 195, 211
505 8# - NOTA DE CONTENIDO CON FORMATO
Nota de contenido con formato Contiene: 1. Verrinas, Discurso contra Q. Cecilio. Primera sesión, segunda sesión (discursos 1 y 2) -- 2. Verrinas, Segunda sesión (discursos 3-4) -- 3. En defensa de P. Quincio. En defensa de Q. Roscio, el cómico. En defensa de A. Cecina. Acerca de la ley agraria. En defensa de L. Flaco. En defensa de M. Celio. -- 4. En agradecimiento al senado. En agradecimiento al pueblo. Sobre la casa. Sobre la respuesta de los arúspices. En defensa de P. Sestio. Contra P. Vatinio. En defensa de T. Anio Milón. -- 5. En defensa de Sexto Roscio Amerino. En defensa de la ley Manilia. En defensa de Aulo Cluencio. Catilinarias. En defensa de Lucio Murena
700 1# - ENTRADA AGREGADA--NOMBRE PERSONAL
Nombre de persona Rodríguez-Pantoja Márquez, Miguel.
9 (RLIN) 98719
700 1# - ENTRADA AGREGADA--NOMBRE PERSONAL
Nombre de persona Requejo, J. M.
9 (RLIN) 96281
830 0# - PUNTO DE ACCESO ADICIONAL DE SERIE-TÍTULO UNIFORME
Título uniforme Biblioteca clásica Gredos ;
Designación de volumen o secuencia 139, 140, 152, 195, 211
9 (RLIN) 177556
852 ## - LOCALIZACIÓN
Ubicación ES-MaACL
Número de control de estantería L-26061-65
Holdings
Estatus retirado Estado de pérdida Estado de daño No para préstamo Biblioteca de origen Biblioteca actual Ubicación en estantería Fecha de adquisición Fuente de adquisición Total de préstamos Signatura topográfica completa Código de barras Visto por última vez Precio de reemplazo Tipo de ítem Koha
        Biblioteca del Ateneo de Madrid Biblioteca del Ateneo de Madrid Depósito 2 17/01/2008     L-26061-65 1020627 23/02/2023 23/02/2023 Libro impreso